<?xml version="1.0" encoding="UTF-8"?>
<record
    xmlns:xsi="http://www.w3.org/2001/XMLSchema-instance"
    xsi:schemaLocation="http://www.loc.gov/MARC21/slim http://www.loc.gov/standards/marcxml/schema/MARC21slim.xsd"
    xmlns="http://www.loc.gov/MARC21/slim">

  <leader>00857nam a22002537a 4500</leader>
  <controlfield tag="003">OSt</controlfield>
  <controlfield tag="005">20170704143908.0</controlfield>
  <controlfield tag="008">170614s2015    ua     fr     000 0dara d</controlfield>
  <datafield tag="017" ind1=" " ind2=" ">
    <subfield code="a">2015 / 14002</subfield>
  </datafield>
  <datafield tag="020" ind1=" " ind2=" ">
    <subfield code="a">9789774279997</subfield>
  </datafield>
  <datafield tag="040" ind1=" " ind2=" ">
    <subfield code="a">EG-ScBUE </subfield>
    <subfield code="b">ara</subfield>
    <subfield code="c">EG-ScBUE </subfield>
  </datafield>
  <datafield tag="043" ind1=" " ind2=" ">
    <subfield code="a">f-ua---</subfield>
  </datafield>
  <datafield tag="082" ind1="0" ind2="4">
    <subfield code="2">22</subfield>
    <subfield code="a">320.62</subfield>
    <subfield code="b">&#x628; &#x643; &#x631;</subfield>
  </datafield>
  <datafield tag="100" ind1="1" ind2=" ">
    <subfield code="a">&#x628;&#x643;&#x631;&#x64A;&#x60C; &#x645;&#x635;&#x637;&#x641;&#x649;.</subfield>
  </datafield>
  <datafield tag="245" ind1="1" ind2="0">
    <subfield code="a">&#x627;&#x644;&#x633;&#x64A;&#x633;&#x64A; : </subfield>
    <subfield code="b">&#x627;&#x644;&#x637;&#x631;&#x64A;&#x642; &#x625;&#x644;&#x649; &#x628;&#x646;&#x627;&#x621; &#x627;&#x644;&#x62F;&#x648;&#x644;&#x629; /</subfield>
    <subfield code="c">&#x645;&#x635;&#x637;&#x641;&#x649; &#x628;&#x643;&#x631;&#x64A;.</subfield>
  </datafield>
  <datafield tag="250" ind1=" " ind2=" ">
    <subfield code="a">&#x637;. 1. </subfield>
  </datafield>
  <datafield tag="260" ind1=" " ind2=" ">
    <subfield code="a">&#x627;&#x644;&#x642;&#x627;&#x647;&#x631;&#x629; : </subfield>
    <subfield code="b">&#x627;&#x644;&#x62F;&#x627;&#x631; &#x627;&#x644;&#x645;&#x635;&#x631;&#x64A;&#x629; &#x627;&#x644;&#x644;&#x628;&#x646;&#x627;&#x646;&#x64A;&#x629;&#x60C; </subfield>
    <subfield code="c">2015.</subfield>
  </datafield>
  <datafield tag="300" ind1=" " ind2=" ">
    <subfield code="a">223 &#x635;. &#x61B;</subfield>
    <subfield code="c">21 &#x633;&#x645;.</subfield>
  </datafield>
  <datafield tag="541" ind1=" " ind2=" ">
    <subfield code="a">&#x625;&#x647;&#x62F;&#x627;&#x621; &#x645;&#x646; &#x627;&#x644;&#x645;&#x633;&#x62A;&#x634;&#x627;&#x631; &#x645;&#x62F;&#x62D;&#x62A; &#x623;&#x628;&#x648; &#x627;&#x644;&#x641;&#x636;&#x644;.</subfield>
  </datafield>
  <datafield tag="590" ind1=" " ind2=" ">
    <subfield code="a">&#x633;&#x627;&#x631;&#x629; </subfield>
  </datafield>
  <datafield tag="651" ind1=" " ind2="7">
    <subfield code="2">BUEsh</subfield>
    <subfield code="a">&#x645;&#x635;&#x631;</subfield>
    <subfield code="x">&#x633;&#x64A;&#x627;&#x633;&#x629; &#x648;&#x62D;&#x643;&#x648;&#x645;&#x629;</subfield>
    <subfield code="y">&#x639;&#x628;&#x62F; &#x627;&#x644;&#x641;&#x62A;&#x627;&#x62D; &#x627;&#x644;&#x633;&#x64A;&#x633;&#x64A;&#x60C; 2014-</subfield>
  </datafield>
  <datafield tag="653" ind1=" " ind2=" ">
    <subfield code="b">BUSBOL</subfield>
    <subfield code="c">June2017</subfield>
  </datafield>
  <datafield tag="942" ind1=" " ind2=" ">
    <subfield code="2">ddc</subfield>
  </datafield>
  <datafield tag="999" ind1=" " ind2=" ">
    <subfield code="c">24898</subfield>
    <subfield code="d">24870</subfield>
  </datafield>
  <datafield tag="952" ind1=" " ind2=" ">
    <subfield code="0">0</subfield>
    <subfield code="1">0</subfield>
    <subfield code="2">ddc</subfield>
    <subfield code="4">0</subfield>
    <subfield code="7">0</subfield>
    <subfield code="a">MAIN</subfield>
    <subfield code="b">MAIN</subfield>
    <subfield code="c">1ST</subfield>
    <subfield code="d">2017-06-14</subfield>
    <subfield code="e">Donation</subfield>
    <subfield code="o">320.62 &#x628; &#x643; &#x631;</subfield>
    <subfield code="p">000046102</subfield>
    <subfield code="r">2025-07-15 00:00:00</subfield>
    <subfield code="x">&#x625;&#x647;&#x62F;&#x627;&#x621; &#x645;&#x646; &#x627;&#x644;&#x645;&#x633;&#x62A;&#x634;&#x627;&#x631; &#x645;&#x62F;&#x62D;&#x62A; &#x623;&#x628;&#x648; &#x627;&#x644;&#x641;&#x636;&#x644;.</subfield>
    <subfield code="y">BB</subfield>
  </datafield>
</record>
